|
|
|
|
| LEADER |
00000cam a2200000 7i4500 |
| 001 |
0000001229 |
| 005 |
20240924.0 |
| 008 |
991125 nyu a eng |
| 040 |
|
|
|a INS
|b eng
|e rda
|
| 090 |
0 |
0 |
|a HD257.5
|b .D619 1995
|
| 100 |
1 |
|
|a Dixon, Timothy J. ,
|e author
|
| 245 |
1 |
0 |
|a Lessons from America :
|b appraisal and lender issues in contaminated real estate
|c by Timothy J. Dixon
|
| 264 |
|
1 |
|a New York :
|b College of Estate Management
|c 1995
|
| 300 |
|
|
|a 82 pages :
|b illustrations ;
|c 30 cm.
|
| 336 |
|
|
|a text
|2 rdacontent
|
| 337 |
|
|
|a unmediated
|2 rdamedia
|
| 338 |
|
|
|a volume
|2 rdacarrier
|
| 504 |
|
|
|a Includes bibliographical references
|
| 650 |
|
0 |
|a Contaminated Land
|x Valuation
|
| 650 |
|
0 |
|a Real Property
|x Valuation
|x Environmental Aspects
|
| 999 |
|
|
|a 0000006989
|b BOOK
|c Open Shelf
|e Default branch
|